| 000 | 01210nam a22003017a 4500 | ||
|---|---|---|---|
| 001 | 7115 | ||
| 003 | FISKH | ||
| 005 | 20250826085748.0 | ||
| 008 | 250624b cb ||||| |||| 00| 0 eng d | ||
| 020 | _a9780545217729 | ||
| 040 |
_aFISKH _beng _cFISKH _dFISKH |
||
| 050 | _aPE1629 .C584 | ||
| 082 | _a423.17 | ||
| 100 | _aBridwell, Norman | ||
| 245 |
_aClifford's big dictionary / _cBy Norman Bridwell |
||
| 250 | _aFirst printing, September 2010 | ||
| 260 |
_aNew York : _bScholastic , _c2010. |
||
| 300 |
_a128 pages : _bcolor illustrations ; _c28 cm . |
||
| 505 | _aM | ||
| 520 | _aThe dictionary has alphabetical entries, with 10-25 words per letter, each illustrated with spot art, as well as simple sentences beneath each word to help describe it and put it in context. The frontmatter and backmatter includes sections on how to use a dictionary, numbers and colors, opposites, the body, things that go, Clifford's Big Ideas, and more! | ||
| 521 | 8 |
_a550
_bLexile estimate |
|
| 521 | 8 |
_aM
_bRaz-Plus |
|
| 650 |
_aPicture dictionary _vNon-fiction |
||
| 650 |
_aVocabulary _vNon-fcition |
||
| 700 |
_aNavarra, Angela _eCover designer |
||
| 942 |
_2ddc _cBK _n0 |
||
| 999 |
_c7115 _d7115 |
||